Countries with the most ginger people - Statistics

General Stats
  • This quiz has been taken 29 times
  • The average score is 14 of 16
Answer Stats
Hint Answer % Correct
10.0% Ireland
100%
8.4% United Kingdom
100%
2.2% United States
96%
2.3% Belgium
93%
3.8% France
93%
1.5% Germany
93%
4.4% Sweden
93%
5.0% Denmark
89%
3.6% Finland
89%
2.6% Netherlands
89%
4.6% Norway
85%
1.3% Switzerland
85%
6.8% Iceland
81%
1.2% Austria
78%
1.0% Estonia
67%
9.5% Scotland
41%
No matching quizzes found
Score Distribution
Percent of People with Each Score
Percentile by Number Answered
Your Score History
You have not taken this quiz